Top 50 NCAA Football Players (2020-2021) - Statistics

General Stats
  • This quiz has been taken 79 times
  • The average score is 16 of 50
Answer Stats
# Team Position Player % Correct
1 Clemson QB Trevor Lawrence
100%
5 Alabama WR DeVonta Smith
83%
46 UAB LB Jordan Smith
83%
16 Tennessee OG Trey Smith
83%
4 Clemson RB Travis Etienne
72%
2 LSU CB Derek Stingley, Jr.
69%
7 North Carolina QB Sam Howell
67%
3 Oklahoma State RB Chuba Hubbard
62%
8 Alabama RB Najee Harris
62%
11 Texas QB Sam Ehlinger
52%
31 Notre Dame QB Ian Book
50%
20 Alabama WR Jaylen Waddle
50%
10 Alabama CB Patrick Surtain II
50%
21 Iowa State QB Brock Purdy
47%
24 Miami QB D'Eriq King
43%
6 Alabama LB Dylan Moses
38%
12 Alabama OT Alex Leatherwood
33%
47 Texas A&M QB Kellen Mond
31%
36 Georgia WR George Pickens
29%
14 Oklahoma C Creed Humphrey
28%
39 Notre Dame S Kyle Hamilton
28%
9 Florida State DT Marvin Wilson
28%
40 SMU QB Shane Buechele
26%
15 Oklahoma State WR Tylan Wallace
26%
18 Texas OT Samuel Cosmi
24%
26 North Carolina LB Chazz Surratt
22%
50 UCF QB Dillon Gabriel
22%
28 Louisville WR Tutu Atwell
21%
22 Clemson DT Tyler Davis
21%
37 Cincinnati CB Ahmad Gardner
19%
17 Missouri LB Nick Bolton
19%
34 Mississippi State RB Kylin Hill
17%
29 TCU S Trevon Moehrig
17%
33 Syracuse S Andre Cisco
16%
41 TCU S Ar'Darius Washington
16%
27 Wake Forest DE Carlos Basham, Jr.
16%
43 North Carolina WR Dazz Newsome
16%
44 Iowa State TE Charlie Kolar
14%
23 Georgia S Richard LeCounte
14%
42 West Virginia DT Darius Stills
12%
25 Louisville RB Javian Hawkins
12%
30 Notre Dame LB Jeremiah Owusu-Koramoah
12%
19 Miami DE Quincy Roche
12%
13 Duke DE Chris Rumph II
10%
49 Middle Tennessee State S Reed Blankenship
10%
38 Western Kentucky DE DeAngelo Malone
9%
45 Arkansas RB Rakeem Boyd
9%
35 TCU LB Garret Wallow
7%
32 Appalachian State CB Shaun Jolly
7%
48 Marshall RB Brenden Knox
5%
No matching quizzes found
Score Distribution
Percent of People with Each Score
Percentile by Number Answered
Your Score History
You have not taken this quiz